[Event "DVM U20 2020"]
[Site "Willingen GER"]
[Date "2021.06.25"]
[Round "3"]
[White "Wendler, David"]
[Black "Ortmeier, Leonhard"]
[Result "1-0"]
[Termination "normal"]
[Board "8.1"]
[BlackTitle "FM"]
[WhiteElo "2295"]
[BlackElo "2290"]
[WhiteClock "00:01:12"]
[BlackClock "00:00:34"]
[WhiteTeam "SK Bebenhausen 1992"]
[BlackTeam "Schachklub Münster 32 e. V."]
[PlyCount "115"]
[WhiteFideId "12938360"]
[BlackFideId "12993662"]
[EventCountry "GER"]
[EventRounds "7"]
[EventType "team-swiss"]
[EventDate "2021.06.23"]

1. e4 {[%clk 01:30:53]} {[%emt 00:00:07]} Nf6 {[%clk 01:30:13]} {[%emt
00:00:47]} 2. e5 {[%clk 01:30:37]} {[%emt 00:00:47]} Ng8 {[%clk 01:26:31]}
{[%emt 00:04:12]} 3. d4 {[%clk 01:29:08]} {[%emt 00:01:59]} d6 {[%clk
01:26:44]} {[%emt 00:00:17]} 4. exd6 {[%clk 01:28:29]} {[%emt 00:01:09]} cxd6
{[%clk 01:26:54]} {[%emt 00:00:20]} 5. Nf3 {[%clk 01:28:08]} {[%emt 00:00:50]}
g6 {[%clk 01:25:26]} {[%emt 00:01:58]} 6. Be2 {[%clk 01:26:27]} {[%emt
00:02:12]} Bg7 {[%clk 01:25:46]} {[%emt 00:00:10]} 7. O-O {[%clk 01:26:48]}
{[%emt 00:00:09]} Nf6 {[%clk 01:26:07]} {[%emt 00:00:09]} 8. Re1 {[%clk
01:25:43]} {[%emt 00:01:34]} O-O {[%clk 01:25:27]} {[%emt 00:01:11]} 9. Nc3
{[%clk 01:19:08]} {[%emt 00:07:05]} a6 {[%clk 01:17:00]} {[%emt 00:08:55]} 10.
a4 {[%clk 01:17:44]} {[%emt 00:01:56]} b6 {[%clk 01:16:07]} {[%emt 00:01:22]}
11. Bg5 {[%clk 01:15:59]} {[%emt 00:02:16]} Bb7 {[%clk 01:13:19]} {[%emt
00:03:17]} 12. Qd2 {[%clk 01:12:52]} {[%emt 00:03:37]} Re8 {[%clk 01:11:00]}
{[%emt 00:02:49]} 13. Qf4 {[%clk 01:09:30]} {[%emt 00:03:52]} Qc7 {[%clk
01:06:48]} {[%emt 00:04:43]} 14. Qh4 {[%clk 01:02:20]} {[%emt 00:07:40]} Nbd7
{[%clk 01:03:59]} {[%emt 00:03:18]} 15. Rad1 {[%clk 00:59:12]} {[%emt
00:03:38]} e6 {[%clk 00:40:53]} {[%emt 00:23:36]} 16. Nd2 {[%clk 00:50:09]}
{[%emt 00:09:34]} Rac8 {[%clk 00:38:22]} {[%emt 00:03:00]} 17. Nc4 {[%clk
00:42:45]} {[%emt 00:07:54]} d5 {[%clk 00:30:51]} {[%emt 00:08:01]} 18. Bf4
{[%clk 00:38:37]} {[%emt 00:04:39]} Qc6 {[%clk 00:29:36]} {[%emt 00:01:44]} 19.
Nd6 {[%clk 00:38:12]} {[%emt 00:00:55]} Red8 {[%clk 00:27:12]} {[%emt
00:02:54]} 20. Nxc8 {[%clk 00:38:02]} {[%emt 00:00:39]} Rxc8 {[%clk 00:27:01]}
{[%emt 00:00:41]} 21. Qg3 {[%clk 00:33:18]} {[%emt 00:05:15]} Bf8 {[%clk
00:20:59]} {[%emt 00:06:31]} 22. Rd3 {[%clk 00:21:31]} {[%emt 00:12:17]} b5
{[%clk 00:19:11]} {[%emt 00:02:18]} 23. axb5 {[%clk 00:21:35]} {[%emt
00:00:27]} axb5 {[%clk 00:19:21]} {[%emt 00:00:20]} 24. Rdd1 {[%clk 00:15:51]}
{[%emt 00:06:13]} b4 {[%clk 00:18:48]} {[%emt 00:01:04]} 25. Bb5 {[%clk
00:16:01]} {[%emt 00:00:20]} Qb6 {[%clk 00:18:45]} {[%emt 00:00:33]} 26. Bxd7
{[%clk 00:16:13]} {[%emt 00:00:17]} Nxd7 {[%clk 00:19:04]} {[%emt 00:00:12]}
27. Na4 {[%clk 00:14:50]} {[%emt 00:01:53]} Qb5 {[%clk 00:13:25]} {[%emt
00:06:07]} 28. b3 {[%clk 00:13:53]} {[%emt 00:01:29]} Ba6 {[%clk 00:06:33]}
{[%emt 00:07:22]} 29. h4 {[%clk 00:10:59]} {[%emt 00:03:24]} Nf6 {[%clk
00:05:37]} {[%emt 00:01:26]} 30. Be5 {[%clk 00:10:17]} {[%emt 00:01:12]} Ne4
{[%clk 00:05:17]} {[%emt 00:00:50]} 31. Qf4 {[%clk 00:08:34]} {[%emt 00:02:12]}
Be7 {[%clk 00:01:24]} {[%emt 00:04:23]} 32. f3 {[%clk 00:06:20]} {[%emt
00:02:45]} Nc3 {[%clk 00:01:46]} {[%emt 00:00:07]} 33. Nxc3 {[%clk 00:06:36]}
{[%emt 00:00:14]} Rxc3 {[%clk 00:02:11]} {[%emt 00:00:06]} 34. Qh6 {[%clk
00:04:15]} {[%emt 00:02:50]} f6 {[%clk 00:01:35]} {[%emt 00:01:06]} 35. Bg3
{[%clk 00:03:34]} {[%emt 00:01:11]} Qc6 {[%clk 00:01:45]} {[%emt 00:00:21]} 36.
Rd2 {[%clk 00:01:53]} {[%emt 00:02:11]} Bc8 {[%clk 00:01:27]} {[%emt 00:00:48]}
37. Rde2 {[%clk 00:02:07]} {[%emt 00:00:16]} Bd7 {[%clk 00:01:11]} {[%emt
00:00:46]} 38. Qd2 {[%clk 00:02:19]} {[%emt 00:00:18]} Qa6 {[%clk 00:01:00]}
{[%emt 00:00:41]} 39. Re3 {[%clk 00:01:08]} {[%emt 00:01:41]} Rc6 {[%clk
00:00:57]} {[%emt 00:00:32]} 40. h5 {[%clk 00:00:54]} {[%emt 00:00:45]} Bf8
{[%clk 00:00:37]} {[%emt 00:00:49]} 41. hxg6 {[%clk 00:29:06]} {[%emt
00:02:19]} hxg6 {[%clk 00:30:35]} {[%emt 00:00:32]} 42. f4 {[%clk 00:26:21]}
{[%emt 00:03:15]} Kf7 {[%clk 00:24:27]} {[%emt 00:06:36]} 43. Bh4 {[%clk
00:23:36]} {[%emt 00:03:16]} Bd6 {[%clk 00:20:04]} {[%emt 00:04:53]} 44. Rh3
{[%clk 00:17:28]} {[%emt 00:06:38]} Qc8 {[%clk 00:12:15]} {[%emt 00:08:19]} 45.
Re2 {[%clk 00:13:13]} {[%emt 00:04:45]} Qc7 {[%clk 00:11:01]} {[%emt 00:01:44]}
46. f5 {[%clk 00:12:38]} {[%emt 00:01:06]} Bf4 {[%clk 00:06:52]} {[%emt
00:04:39]} 47. fxg6+ {[%clk 00:12:42]} {[%emt 00:00:26]} Kxg6 {[%clk 00:07:03]}
{[%emt 00:00:19]} 48. Qd3+ {[%clk 00:12:28]} {[%emt 00:00:44]} f5 {[%clk
00:07:19]} {[%emt 00:00:14]} 49. Qf3 {[%clk 00:11:36]} {[%emt 00:01:21]} Rc3
{[%clk 00:06:15]} {[%emt 00:01:34]} 50. Qf2 {[%clk 00:10:05]} {[%emt 00:02:01]}
Rxh3 {[%clk 00:04:54]} {[%emt 00:01:51]} 51. gxh3 {[%clk 00:10:32]} {[%emt
00:00:04]} Kf7 {[%clk 00:05:01]} {[%emt 00:00:23]} 52. Qf3 {[%clk 00:09:43]}
{[%emt 00:01:19]} Kg6 {[%clk 00:02:58]} {[%emt 00:02:33]} 53. Rg2+ {[%clk
00:09:03]} {[%emt 00:01:10]} Kh6 {[%clk 00:03:06]} {[%emt 00:00:21]} 54. Bf6
{[%clk 00:09:15]} {[%emt 00:00:18]} Be8 {[%clk 00:03:03]} {[%emt 00:00:33]} 55.
Rf2 {[%clk 00:02:02]} {[%emt 00:07:44]} Bg3 {[%clk 00:02:31]} {[%emt 00:01:02]}
56. Rg2 {[%clk 00:02:11]} {[%emt 00:00:21]} f4 {[%clk 00:00:38]} {[%emt
00:02:23]} 57. Qg4 {[%clk 00:01:28]} {[%emt 00:01:13]} Bg6 {[%clk 00:00:34]}
{[%emt 00:00:34]} 58. Rxg3 {[%clk 00:01:12]} {[%emt 00:00:46]} *

[Event "DVM U20 2020"]
[Site "Willingen GER"]
[Date "2021.06.25"]
[Round "3"]
[White "Kamp, Adrian"]
[Black "Waffenschmidt, Lars"]
[Result "1/2-1/2"]
[Termination "normal"]
[Board "8.2"]
[WhiteElo "1982"]
[BlackElo "1896"]
[WhiteClock "00:15:00"]
[BlackClock "00:00:47"]
[WhiteTeam "Schachklub Münster 32 e. V."]
[BlackTeam "SK Bebenhausen 1992"]
[PlyCount "65"]
[WhiteFideId "16222466"]
[BlackFideId "16244656"]
[EventCountry "GER"]
[EventRounds "7"]
[EventType "team-swiss"]
[EventDate "2021.06.23"]

1. e4 {[%clk 01:30:51]} {[%emt 00:00:08]} e5 {[%clk 01:30:46]} {[%emt
00:00:14]} 2. d4 {[%clk 01:30:48]} {[%emt 00:00:34]} exd4 {[%clk 01:30:29]}
{[%emt 00:00:47]} 3. Nf3 {[%clk 01:30:49]} {[%emt 00:00:29]} Nc6 {[%clk
01:30:15]} {[%emt 00:00:43]} 4. Bc4 {[%clk 01:30:51]} {[%emt 00:00:29]} Bc5
{[%clk 01:29:21]} {[%emt 00:01:24]} 5. c3 {[%clk 01:30:08]} {[%emt 00:01:13]}
Nf6 {[%clk 01:28:26]} {[%emt 00:01:25]} 6. e5 {[%clk 01:29:45]} {[%emt
00:00:53]} d5 {[%clk 01:28:06]} {[%emt 00:00:50]} 7. Be2 {[%clk 01:29:28]}
{[%emt 00:00:47]} Ne4 {[%clk 01:26:13]} {[%emt 00:02:23]} 8. cxd4 {[%clk
01:28:51]} {[%emt 00:01:07]} Bb6 {[%clk 01:25:35]} {[%emt 00:01:08]} 9. Nc3
{[%clk 01:26:34]} {[%emt 00:02:47]} O-O {[%clk 01:22:41]} {[%emt 00:03:23]} 10.
O-O {[%clk 01:22:46]} {[%emt 00:04:19]} Bg4 {[%clk 01:15:30]} {[%emt 00:07:41]}
11. Be3 {[%clk 01:15:51]} {[%emt 00:07:24]} Nxc3 {[%clk 01:01:53]} {[%emt
00:14:09]} 12. bxc3 {[%clk 01:16:04]} {[%emt 00:00:17]} f6 {[%clk 01:00:46]}
{[%emt 00:01:37]} 13. exf6 {[%clk 01:14:42]} {[%emt 00:01:52]} Qxf6 {[%clk
00:58:58]} {[%emt 00:02:17]} 14. Qd2 {[%clk 01:09:04]} {[%emt 00:06:07]} Rae8
{[%clk 00:46:06]} {[%emt 00:13:23]} 15. Rfe1 {[%clk 01:02:18]} {[%emt
00:07:16]} Qd6 {[%clk 00:34:44]} {[%emt 00:11:52]} 16. Rab1 {[%clk 00:52:04]}
{[%emt 00:10:45]} Bf5 {[%clk 00:24:13]} {[%emt 00:11:00]} 17. Bd3 {[%clk
00:47:26]} {[%emt 00:05:08]} Bg4 {[%clk 00:20:12]} {[%emt 00:04:31]} 18. Ng5
{[%clk 00:34:56]} {[%emt 00:13:00]} h6 {[%clk 00:10:08]} {[%emt 00:10:34]} 19.
f3 {[%clk 00:33:59]} {[%emt 00:01:27]} Bd7 {[%clk 00:09:13]} {[%emt 00:01:25]}
20. Nh7 {[%clk 00:33:44]} {[%emt 00:00:45]} Rf7 {[%clk 00:08:01]} {[%emt
00:01:42]} 21. Qc2 {[%clk 00:32:24]} {[%emt 00:01:50]} Rfe7 {[%clk 00:06:43]}
{[%emt 00:01:48]} 22. Bf2 {[%clk 00:29:15]} {[%emt 00:03:38]} Qf4 {[%clk
00:02:05]} {[%emt 00:05:09]} 23. Bg6 {[%clk 00:27:25]} {[%emt 00:02:20]} Rxe1+
{[%clk 00:02:00]} {[%emt 00:00:36]} 24. Bxe1 {[%clk 00:26:35]} {[%emt
00:01:20]} Re7 {[%clk 00:01:07]} {[%emt 00:01:22]} 25. Bg3 {[%clk 00:24:57]}
{[%emt 00:02:08]} Qe3+ {[%clk 00:01:31]} {[%emt 00:00:07]} 26. Bf2 {[%clk
00:25:06]} {[%emt 00:00:20]} Qe2 {[%clk 00:00:52]} {[%emt 00:01:09]} 27. Qb3
{[%clk 00:23:15]} {[%emt 00:02:21]} Qc4 {[%clk 00:01:03]} {[%emt 00:00:19]} 28.
Qc2 {[%clk 00:19:09]} {[%emt 00:04:37]} Re2 {[%clk 00:00:39]} {[%emt 00:00:54]}
29. Nf6+ {[%clk 00:17:03]} {[%emt 00:02:35]} Kh8 {[%clk 00:01:01]} {[%emt
00:00:08]} 30. Qd1 {[%clk 00:17:26]} {[%emt 00:00:07]} Qxa2 {[%clk 00:00:54]}
{[%emt 00:00:37]} 31. Ra1 {[%clk 00:16:37]} {[%emt 00:01:19]} Qb2 {[%clk
00:00:47]} {[%emt 00:00:37]} 32. Rb1 {[%clk 00:16:00]} {[%emt 00:01:06]} Qa2
{[%clk 00:00:47]} {[%emt 00:00:31]} 33. Ra1 {[%clk 00:15:00]} {[%emt 00:01:30]}
1/2-1/2

[Event "DVM U20 2020"]
[Site "Willingen GER"]
[Date "2021.06.25"]
[Round "3"]
[White "Kasüschke, Lars"]
[Black "Toval, David"]
[Result "1-0"]
[Termination "normal"]
[Board "8.3"]
[WhiteElo "1960"]
[BlackElo "1857"]
[WhiteClock "00:20:54"]
[BlackClock "00:27:30"]
[WhiteTeam "SK Bebenhausen 1992"]
[BlackTeam "Schachklub Münster 32 e. V."]
[PlyCount "105"]
[WhiteFideId "12939510"]
[BlackFideId "12992755"]
[EventCountry "GER"]
[EventRounds "7"]
[EventType "team-swiss"]
[EventDate "2021.06.23"]

1. e4 {[%clk 01:30:53]} {[%emt 00:00:06]} c5 {[%clk 01:30:51]} {[%emt
00:00:10]} 2. Nf3 {[%clk 01:31:13]} {[%emt 00:00:09]} d6 {[%clk 01:31:14]}
{[%emt 00:00:07]} 3. Bb5+ {[%clk 01:31:23]} {[%emt 00:00:20]} Bd7 {[%clk
01:31:37]} {[%emt 00:00:07]} 4. Bxd7+ {[%clk 01:31:46]} {[%emt 00:00:07]} Qxd7
{[%clk 01:31:57]} {[%emt 00:00:11]} 5. c4 {[%clk 01:31:43]} {[%emt 00:00:33]}
Qg4 {[%clk 01:25:15]} {[%emt 00:07:12]} 6. O-O {[%clk 01:31:09]} {[%emt
00:01:03]} Qxe4 {[%clk 01:25:08]} {[%emt 00:00:37]} 7. d4 {[%clk 01:26:49]}
{[%emt 00:04:50]} cxd4 {[%clk 01:23:23]} {[%emt 00:02:15]} 8. Nxd4 {[%clk
01:26:45]} {[%emt 00:00:35]} Nf6 {[%clk 01:22:27]} {[%emt 00:01:26]} 9. Be3
{[%clk 01:20:41]} {[%emt 00:06:33]} a6 {[%clk 01:20:42]} {[%emt 00:02:14]} 10.
Qa4+ {[%clk 01:07:17]} {[%emt 00:13:54]} Nbd7 {[%clk 01:17:53]} {[%emt
00:03:20]} 11. Nc3 {[%clk 01:05:33]} {[%emt 00:02:14]} Qg4 {[%clk 00:55:39]}
{[%emt 00:22:45]} 12. Rad1 {[%clk 00:49:25]} {[%emt 00:16:37]} g6 {[%clk
00:50:51]} {[%emt 00:05:18]} 13. h3 {[%clk 00:43:36]} {[%emt 00:06:19]} Qh5
{[%clk 00:46:49]} {[%emt 00:04:33]} 14. Nde2 {[%clk 00:42:22]} {[%emt
00:01:42]} g5 {[%clk 00:35:54]} {[%emt 00:11:26]} 15. Ng3 {[%clk 00:40:59]}
{[%emt 00:01:53]} Qg6 {[%clk 00:35:52]} {[%emt 00:00:31]} 16. Nd5 {[%clk
00:39:52]} {[%emt 00:01:37]} Nxd5 {[%clk 00:34:26]} {[%emt 00:01:57]} 17. Rxd5
{[%clk 00:40:16]} {[%emt 00:00:05]} e5 {[%clk 00:28:59]} {[%emt 00:05:58]} 18.
c5 {[%clk 00:37:58]} {[%emt 00:02:48]} f5 {[%clk 00:25:03]} {[%emt 00:04:26]}
19. Rfd1 {[%clk 00:25:51]} {[%emt 00:12:37]} Rd8 {[%clk 00:21:24]} {[%emt
00:04:09]} 20. cxd6 {[%clk 00:18:44]} {[%emt 00:07:37]} Bg7 {[%clk 00:13:18]}
{[%emt 00:08:36]} 21. Bb6 {[%clk 00:18:29]} {[%emt 00:00:45]} Rc8 {[%clk
00:13:42]} {[%emt 00:00:07]} 22. Re1 {[%clk 00:18:19]} {[%emt 00:00:39]} Qe6
{[%clk 00:09:46]} {[%emt 00:04:27]} 23. Qb3 {[%clk 00:16:29]} {[%emt 00:02:18]}
Kf7 {[%clk 00:10:12]} {[%emt 00:00:05]} 24. Bd4 {[%clk 00:13:15]} {[%emt
00:03:44]} Kg6 {[%clk 00:06:52]} {[%emt 00:03:50]} 25. Qf3 {[%clk 00:06:48]}
{[%emt 00:06:54]} h5 {[%clk 00:06:12]} {[%emt 00:01:14]} 26. Bc3 {[%clk
00:06:51]} {[%emt 00:00:27]} h4 {[%clk 00:04:27]} {[%emt 00:02:15]} 27. Nf1
{[%clk 00:06:08]} {[%emt 00:01:12]} e4 {[%clk 00:03:49]} {[%emt 00:01:08]} 28.
Qd1 {[%clk 00:06:30]} {[%emt 00:00:07]} Bxc3 {[%clk 00:04:08]} {[%emt
00:00:12]} 29. bxc3 {[%clk 00:06:57]} {[%emt 00:00:03]} Rxc3 {[%clk 00:04:16]}
{[%emt 00:00:22]} 30. Ne3 {[%clk 00:06:48]} {[%emt 00:00:39]} Rf8 {[%clk
00:04:05]} {[%emt 00:00:42]} 31. Qd2 {[%clk 00:05:30]} {[%emt 00:01:47]} Rc6
{[%clk 00:03:23]} {[%emt 00:01:13]} 32. Rb1 {[%clk 00:04:47]} {[%emt 00:01:12]}
b5 {[%clk 00:03:40]} {[%emt 00:00:13]} 33. Qd1 {[%clk 00:03:06]} {[%emt
00:02:11]} Rf6 {[%clk 00:03:36]} {[%emt 00:00:35]} 34. a4 {[%clk 00:02:25]}
{[%emt 00:01:11]} Rxd6 {[%clk 00:03:16]} {[%emt 00:00:49]} 35. axb5 {[%clk
00:02:28]} {[%emt 00:00:28]} axb5 {[%clk 00:02:51]} {[%emt 00:00:55]} 36. Rbxb5
{[%clk 00:02:53]} {[%emt 00:00:05]} Rxd5 {[%clk 00:02:33]} {[%emt 00:00:48]}
37. Nxd5 {[%clk 00:03:09]} {[%emt 00:00:13]} Rf7 {[%clk 00:02:12]} {[%emt
00:00:51]} 38. Qb3 {[%clk 00:03:07]} {[%emt 00:00:32]} Qc6 {[%clk 00:01:47]}
{[%emt 00:00:55]} 39. Qb2 {[%clk 00:02:52]} {[%emt 00:00:45]} Nf6 {[%clk
00:01:16]} {[%emt 00:01:02]} 40. Ne3 {[%clk 00:01:37]} {[%emt 00:01:45]} Rd7
{[%clk 00:00:33]} {[%emt 00:01:13]} 41. Rb6 {[%clk 00:25:03]} {[%emt 00:07:03]}
Rd2 {[%clk 00:27:57]} {[%emt 00:03:06]} 42. Rxc6 {[%clk 00:24:28]} {[%emt
00:01:06]} Rxb2 {[%clk 00:28:21]} {[%emt 00:00:05]} 43. Nd5 {[%clk 00:24:49]}
{[%emt 00:00:10]} g4 {[%clk 00:28:07]} {[%emt 00:00:43]} 44. Nxf6 {[%clk
00:23:27]} {[%emt 00:01:52]} Kg5 {[%clk 00:28:19]} {[%emt 00:00:18]} 45. hxg4
{[%clk 00:21:06]} {[%emt 00:02:51]} fxg4 {[%clk 00:28:24]} {[%emt 00:00:25]}
46. Nxe4+ {[%clk 00:21:08]} {[%emt 00:00:29]} Kf4 {[%clk 00:28:31]} {[%emt
00:00:21]} 47. Nc3 {[%clk 00:21:19]} {[%emt 00:00:19]} g3 {[%clk 00:27:27]}
{[%emt 00:01:35]} 48. Rc4+ {[%clk 00:21:28]} {[%emt 00:00:21]} Kg5 {[%clk
00:27:45]} {[%emt 00:00:11]} 49. fxg3 {[%clk 00:19:56]} {[%emt 00:02:03]} hxg3
{[%clk 00:28:03]} {[%emt 00:00:12]} 50. Ne4+ {[%clk 00:20:12]} {[%emt
00:00:14]} Kf4 {[%clk 00:28:10]} {[%emt 00:00:23]} 51. Nd2+ {[%clk 00:20:05]}
{[%emt 00:00:36]} Kg5 {[%clk 00:27:22]} {[%emt 00:01:18]} 52. Nf1 {[%clk
00:20:28]} {[%emt 00:00:08]} Rb3 {[%clk 00:27:30]} {[%emt 00:00:22]} 53. Re4
{[%clk 00:20:54]} {[%emt 00:00:04]} *

[Event "DVM U20 2020"]
[Site "Willingen GER"]
[Date "2021.06.25"]
[Round "3"]
[White "Schröder, Lennart"]
[Black "Omert, Oliver"]
[Result "1-0"]
[Termination "normal"]
[Board "8.4"]
[WhiteElo "1906"]
[BlackElo "1897"]
[WhiteClock "00:32:39"]
[BlackClock "00:00:53"]
[WhiteTeam "Schachklub Münster 32 e. V."]
[BlackTeam "SK Bebenhausen 1992"]
[PlyCount "51"]
[WhiteFideId "16222490"]
[BlackFideId "16261208"]
[EventCountry "GER"]
[EventRounds "7"]
[EventType "team-swiss"]
[EventDate "2021.06.23"]

1. d4 {[%clk 01:30:57]} {[%emt 00:00:01]} d5 {[%clk 01:30:53]} {[%emt
00:00:08]} 2. c4 {[%clk 01:31:15]} {[%emt 00:00:12]} dxc4 {[%clk 01:31:18]}
{[%emt 00:00:04]} 3. e4 {[%clk 01:31:37]} {[%emt 00:00:08]} e5 {[%clk
01:31:33]} {[%emt 00:00:15]} 4. Nf3 {[%clk 01:31:58]} {[%emt 00:00:09]} exd4
{[%clk 01:31:33]} {[%emt 00:00:31]} 5. Bxc4 {[%clk 01:32:16]} {[%emt 00:00:12]}
Bc5 {[%clk 01:28:46]} {[%emt 00:03:17]} 6. O-O {[%clk 01:31:38]} {[%emt
00:01:08]} Nc6 {[%clk 01:23:32]} {[%emt 00:05:44]} 7. Nbd2 {[%clk 01:30:23]}
{[%emt 00:01:45]} Qe7 {[%clk 01:05:06]} {[%emt 00:18:56]} 8. Nb3 {[%clk
01:26:09]} {[%emt 00:04:44]} Bb6 {[%clk 00:55:22]} {[%emt 00:10:14]} 9. Nfxd4
{[%clk 01:21:36]} {[%emt 00:05:02]} Nxd4 {[%clk 00:54:14]} {[%emt 00:01:39]}
10. Nxd4 {[%clk 01:20:45]} {[%emt 00:01:21]} Qc5 {[%clk 00:31:24]} {[%emt
00:23:19]} 11. Qa4+ {[%clk 01:05:53]} {[%emt 00:15:23]} Bd7 {[%clk 00:31:49]}
{[%emt 00:00:05]} 12. Bxf7+ {[%clk 01:05:44]} {[%emt 00:00:38]} Ke7 {[%clk
00:32:10]} {[%emt 00:00:09]} 13. Qb3 {[%clk 01:05:55]} {[%emt 00:00:19]} Qxd4
{[%clk 00:30:42]} {[%emt 00:01:59]} 14. Bg5+ {[%clk 01:02:10]} {[%emt
00:04:14]} Kf8 {[%clk 00:29:45]} {[%emt 00:01:27]} 15. Rad1 {[%clk 00:54:39]}
{[%emt 00:08:01]} Qa4 {[%clk 00:13:00]} {[%emt 00:17:16]} 16. Qf3 {[%clk
00:49:27]} {[%emt 00:05:41]} Nf6 {[%clk 00:09:18]} {[%emt 00:04:13]} 17. Bb3
{[%clk 00:43:47]} {[%emt 00:06:10]} Qxe4 {[%clk 00:03:57]} {[%emt 00:05:51]}
18. Rxd7 {[%clk 00:42:20]} {[%emt 00:01:57]} Qxf3 {[%clk 00:03:58]} {[%emt
00:00:29]} 19. Rf7+ {[%clk 00:42:43]} {[%emt 00:00:06]} Ke8 {[%clk 00:00:53]}
{[%emt 00:03:36]} 20. gxf3 {[%clk 00:42:53]} {[%emt 00:00:19]} h6 {[%clk
00:00:48]} {[%emt 00:00:36]} 21. Re1+ {[%clk 00:41:31]} {[%emt 00:01:51]} Kd8
{[%clk 00:01:10]} {[%emt 00:00:08]} 22. Bf4 {[%clk 00:35:25]} {[%emt 00:06:36]}
Nh5 {[%clk 00:01:14]} {[%emt 00:00:27]} 23. Rd1+ {[%clk 00:34:50]} {[%emt
00:01:05]} Kc8 {[%clk 00:01:03]} {[%emt 00:00:41]} 24. Bxc7 {[%clk 00:33:21]}
{[%emt 00:01:59]} Bxc7 {[%clk 00:00:34]} {[%emt 00:00:59]} 25. Rc1 {[%clk
00:33:01]} {[%emt 00:00:49]} Re8 {[%clk 00:00:53]} {[%emt 00:00:11]} 26. Rcxc7+
{[%clk 00:32:39]} {[%emt 00:00:52]} 1-0